000 00365nam a2200121Ia 4500
008 230907s9999||||xx |||||||||||||| ||und||
082 _a658.26
_bOFF
100 _aOffermann, Scott,
_9115783
245 0 _aCreating a strategic energy reduction plan /
300 _ax, 209 pages :
650 _aHandbooks, manuals, etc. Handbooks, manuals, etc.
_9115697
942 _cBK
999 _c599544
_d599544